[Event "HZ Chess Tournament 2022"]
[Site "Vlissingen, Netherlands"]
[Date "2022.08.07"]
[Round "3.1"]
[White "Lammens, Tim"]
[Black "Ponomariov, Ruslan"]
[Result "0-1"]
[WhiteElo "2255"]
[BlackElo "2642"]
[PlyCount "106"]

1. Nf3 d5 2. g3 Bf5 3. Bg2 e6 4. O-O c6 5. c4 Nf6 6. Qb3 Qb6 7. d3 Nbd7 8. cxd5
Qxb3 9. axb3 exd5 10. Bd2 Nc5 11. Nd4 Bd7 12. b4 Ne6 13. Nb3 h5 14. e4 dxe4 15.
dxe4 h4 16. b5 hxg3 17. hxg3 Nc5 18. Nd4 Nd3 19. bxc6 bxc6 20. Nc3 Ng4 21. e5
Bc5 22. Be3 Nxe3 23. fxe3 Rh5 24. e6 fxe6 25. Ne4 Ke7 26. Ra5 Bxd4 27. Rxh5
Bxe3+ 28. Kh2 Nxb2 29. Nc5 a5 30. Nxd7 Kxd7 31. Rf7+ Kd6 32. Rxg7 a4 33. Rg6 a3
34. Bh3 a2 35. Rxe6+ Kc7 36. Bg2 a1=Q 37. Rxc6+ Kd8 38. Rh8+ Ke7 39. Rh7+ Kf8
40. Rh8+ Kg7 41. Rxa8 Qg1+ 42. Kh3 Nd3 43. Rc7+ Kf6 44. Ra6+ Ke5 45. Re7+ Kd4
46. Rd7+ Kc4 47. Rc6+ Bc5 48. Rd5 Nf2+ 49. Kh4 Qh2+ 50. Kg5 Qxg3+ 51. Kf5 Nd3
52. Rg6 Qf2+ 53. Ke4 Qf4# 0-1

[Event "HZ Chess Tournament 2022"]
[Site "Vlissingen, Netherlands"]
[Date "2022.08.07"]
[Round "3.2"]
[White "Van den Doel, Erik"]
[Black "Ollenberger, Roland"]
[Result "1-0"]
[WhiteElo "2591"]
[BlackElo "2256"]
[PlyCount "93"]

1. d4 g6 2. e4 Bg7 3. Nc3 d6 4. Be3 Nf6 5. h3 Nbd7 6. Nf3 c6 7. e5 Ng8 8. Bf4
dxe5 9. dxe5 Qa5 10. Qd4 Qb6 11. O-O-O Qxd4 12. Rxd4 Nc5 13. Rc4 Ne6 14. Be3
Bd7 15. Ra4 Bh6 16. Bxh6 Nxh6 17. Nd4 Nxd4 18. Rxd4 Nf5 19. Rd2 O-O-O 20. Bc4
Rhf8 21. Ne4 Ng7 22. Ng5 Be6 23. Rxd8+ Rxd8 24. Bxe6+ Nxe6 25. Nxe6 fxe6 26.
Re1 Rd5 27. Re4 Kc7 28. c4 Rd8 29. Rf4 Kd7 30. Rd4+ Kc7 31. Rxd8 Kxd8 32. Kd2
Ke8 33. Ke3 Kf7 34. Kf4 Kf8 35. Kg5 Kg7 36. c5 Kf7 37. Kh6 Kg8 38. h4 Kh8 39.
a4 Kg8 40. a5 Kh8 41. h5 gxh5 42. Kxh5 Kg7 43. Kg5 Kh8 44. Kh6 Kg8 45. f4 Kh8
46. g4 Kg8 47. f5 1-0

[Event "HZ Chess Tournament 2022"]
[Site "Vlissingen, Netherlands"]
[Date "2022.08.07"]
[Round "3.3"]
[White "Grutter, Tim"]
[Black "Baklan, Vladimir"]
[Result "1/2-1/2"]
[WhiteElo "2246"]
[BlackElo "2582"]
[PlyCount "55"]

1. e4 e6 2. d4 d5 3. Nd2 Be7 4. exd5 exd5 5. Bd3 Nf6 6. h3 O-O 7. Ngf3 c5 8.
dxc5 Bxc5 9. O-O Bb6 10. Nb3 Ne4 11. Nbd4 Nc6 12. c3 f5 13. Bf4 g5 14. Bh2 g4
15. hxg4 fxg4 16. Nxc6 bxc6 17. Bxe4 dxe4 18. Qxd8 Rxd8 19. Nd4 Bd7 20. Rfe1
Re8 21. Rad1 Rad8 22. Bf4 Kf7 23. Bg5 Rc8 24. Nb5 cxb5 25. Rxd7+ Kg6 26. Be3
Re6 27. Bxb6 axb6 28. Rd4 1/2-1/2

[Event "HZ Chess Tournament 2022"]
[Site "Vlissingen, Netherlands"]
[Date "2022.08.07"]
[Round "3.4"]
[White "Harsha Bharathakoti"]
[Black "Van Baar, Esper"]
[Result "1-0"]
[WhiteElo "2557"]
[BlackElo "2252"]
[PlyCount "47"]

1. e4 c5 2. Nf3 d6 3. d4 cxd4 4. Nxd4 Nf6 5. Nc3 a6 6. Be2 e5 7. Nb3 Be6 8. Be3
Be7 9. Nd5 Nxd5 10. exd5 Bf5 11. Qd2 Nd7 12. Na5 Qc7 13. c4 b6 14. Nc6 a5 15.
O-O Nc5 16. f4 exf4 17. Rxf4 Bg6 18. h4 h5 19. Bxc5 bxc5 20. Re1 O-O 21. Bxh5
Bf6 22. Rxf6 Bxh5 23. Ne7+ Kh7 24. Qg5 1-0

[Event "HZ Chess Tournament 2022"]
[Site "Vlissingen, Netherlands"]
[Date "2022.08.07"]
[Round "3.5"]
[White "Lefebvre, Herve"]
[Black "Lalith Babu M R"]
[Result "0-1"]
[WhiteElo "2212"]
[BlackElo "2549"]
[PlyCount "68"]

1. e4 e5 2. Nf3 Nc6 3. d4 exd4 4. Nxd4 Nf6 5. Nxc6 bxc6 6. e5 Qe7 7. Qe2 Nd5 8.
c4 Nb6 9. Nc3 Bb7 10. Bf4 Qe6 11. O-O-O Ba6 12. b3 Ba3+ 13. Kc2 O-O-O 14. Qe4
Bb7 15. Be2 Rde8 16. Bf3 f6 17. Bg3 fxe5 18. Rhe1 Qf7 19. Bxe5 Bd6 20. Rxd6
cxd6 21. Nb5 cxb5 22. Qxb7+ Kd8 23. Qxa7 Qf5+ 24. Kc1 Rxe5 25. Qxb6+ Ke7 26.
Rxe5+ Qxe5 27. Qxb5 Qa1+ 28. Kc2 Qxa2+ 29. Kc3 h6 30. Qd5 Qa1+ 31. Kc2 Rb8 32.
c5 Qa2+ 33. Kc1 Qa3+ 34. Kc2 Qxc5+ 0-1

[Event "HZ Chess Tournament 2022"]
[Site "Vlissingen, Netherlands"]
[Date "2022.08.07"]
[Round "3.6"]
[White "Beerdsen, Thomas"]
[Black "Laux, Dominik"]
[Result "1-0"]
[WhiteElo "2513"]
[BlackElo "2245"]
[PlyCount "53"]

1. e4 c5 2. Nf3 d6 3. d4 cxd4 4. Nxd4 Nf6 5. Nc3 a6 6. Bg5 e6 7. f4 Be7 8. Qf3
Qc7 9. O-O-O Nbd7 10. g4 h6 11. Bxf6 Bxf6 12. h4 Nb6 13. g5 Bxd4 14. Rxd4 Qc5
15. Qf2 hxg5 16. e5 gxf4 17. Bd3 Qxe5 18. Re1 Qa5 19. Qxf4 Bd7 20. Qxd6 Rh5 21.
b4 Qa3+ 22. Kd2 Rc8 23. Nb1 Qb2 24. Qxb6 Rc6 25. Qa7 Rhc5 26. Qb8+ Rc8 27. Qd6
1-0

[Event "HZ Chess Tournament 2022"]
[Site "Vlissingen, Netherlands"]
[Date "2022.08.07"]
[Round "3.7"]
[White "Bui, Bao Anh Le"]
[Black "Schoppen, Casper"]
[Result "0-1"]
[WhiteElo "2159"]
[BlackElo "2507"]
[PlyCount "80"]

1. e4 c5 2. Nf3 Nc6 3. Bb5 g6 4. O-O Bg7 5. Re1 e5 6. c3 Nge7 7. d3 O-O 8. Be3
d6 9. h3 h6 10. d4 exd4 11. cxd4 Qb6 12. Bxc6 Nxc6 13. Qd2 Kh7 14. Rd1 f5 15.
Nc3 cxd4 16. Bxd4 Nxd4 17. Nxd4 fxe4 18. Ndb5 d5 19. Qe3 d4 20. Nxd4 Qxb2 21.
Rab1 Qa3 22. Rb3 Qe7 23. Nxe4 Kh8 24. Rdd3 b6 25. Nc6 Qc7 26. Nb4 Bf5 27. Nd5
Qe5 28. f3 Qa1+ 29. Kh2 Qxa2 30. Rd2 Qa1 31. g4 Be6 32. Rbd3 Rae8 33. Kg2 Qe5
34. f4 Qb8 35. Rf2 Qb7 36. Rfd2 Rd8 37. Ndc3 Rxd3 38. Rxd3 Bxc3 39. Rxc3 Bd5
40. Qd4+ Kg8 0-1

[Event "HZ Chess Tournament 2022"]
[Site "Vlissingen, Netherlands"]
[Date "2022.08.07"]
[Round "3.8"]
[White "Ikonnikov, Vyacheslav"]
[Black "Bruil, Rembrandt"]
[Result "1-0"]
[WhiteElo "2493"]
[BlackElo "2230"]
[PlyCount "71"]

1. d4 d5 2. c4 e6 3. Nc3 Be7 4. cxd5 exd5 5. Bf4 c6 6. e3 Bf5 7. Nge2 Nd7 8.
Ng3 Bg6 9. Be2 Ngf6 10. h4 h5 11. Bd3 Bxd3 12. Qxd3 g6 13. Nge2 Nf8 14. f3 Ne6
15. Be5 Bd6 16. O-O-O Bxe5 17. dxe5 Nd7 18. f4 Ndc5 19. Qc2 Qb6 20. Nd4 O-O-O
21. Nxe6 fxe6 22. Qxg6 Rhg8 23. Qc2 Rg3 24. Rhe1 Qa6 25. Kb1 d4 26. Rxd4 Rxd4
27. exd4 Nd3 28. Re4 Nb4 29. Qe2 Qxe2 30. Rxe2 Nd3 31. Ne4 Rg4 32. g3 Nxf4 33.
gxf4 Rxf4 34. Nc5 Rxd4 35. Nxe6 Rxh4 36. Ng7 1-0

[Event "HZ Chess Tournament 2022"]
[Site "Vlissingen, Netherlands"]
[Date "2022.08.07"]
[Round "3.9"]
[White "Boelhouwer, Collin"]
[Black "Santiago, Yago De Moura"]
[Result "0-1"]
[WhiteElo "2151"]
[BlackElo "2490"]
[PlyCount "66"]

1. e4 e6 2. d4 d5 3. Nd2 h6 4. Ngf3 Nf6 5. Bd3 c5 6. c3 Nc6 7. O-O cxd4 8. cxd4
dxe4 9. Nxe4 Be7 10. Ng3 O-O 11. a3 b6 12. Bc2 Ba6 13. Re1 Rc8 14. Be3 Re8 15.
Rc1 Nd5 16. Bb1 Bf8 17. Qa4 Bb7 18. Qc2 g6 19. Qd2 Nxe3 20. Qxe3 Bg7 21. Rcd1
Re7 22. Ne5 Nxe5 23. dxe5 Rd7 24. Rxd7 Qxd7 25. h3 Rc4 26. Kh2 Qd4 27. Qe2 Rc5
28. Rd1 Qxe5 29. Rd8+ Kh7 30. Qxe5 Bxe5 31. Rd7 Rc7 32. Rd8 Bxb2 33. Rd3 Be5
0-1

[Event "HZ Chess Tournament 2022"]
[Site "Vlissingen, Netherlands"]
[Date "2022.08.07"]
[Round "3.10"]
[White "Vrolijk, Liam"]
[Black "Duchene, Rene"]
[Result "1-0"]
[WhiteElo "2464"]
[BlackElo "2170"]
[PlyCount "49"]

1. Nf3 d5 2. e3 Nf6 3. c4 e6 4. Nc3 c5 5. cxd5 exd5 6. Bb5+ Bd7 7. Bxd7+ Qxd7
8. O-O Nc6 9. b3 d4 10. Ne2 d3 11. Nf4 Bd6 12. Bb2 Bxf4 13. exf4 O-O 14. Ne5
Qd5 15. Re1 Rfe8 16. Re3 Nxe5 17. fxe5 Nd7 18. f4 f6 19. Qg4 fxe5 20. fxe5 Re7
21. e6 Nf8 22. Bf6 Rae8 23. Bxe7 Rxe7 24. Rf1 b5 25. Qf4 1-0

[Event "HZ Chess Tournament 2022"]
[Site "Vlissingen, Netherlands"]
[Date "2022.08.07"]
[Round "3.11"]
[White "Dhulipalla Bala Chandra Pr"]
[Black "Zevenhuizen, Daniel"]
[Result "1-0"]
[WhiteElo "2431"]
[BlackElo "2168"]
[PlyCount "53"]

1. d4 g6 2. c4 Nf6 3. g3 Bg7 4. Bg2 O-O 5. Nc3 d6 6. Nf3 Nbd7 7. O-O e5 8. e4
exd4 9. Nxd4 Re8 10. h3 a6 11. Re1 Rb8 12. Rb1 Qe7 13. b3 c5 14. Nc2 b5 15. Ne3
Bb7 16. Bb2 Nb6 17. cxb5 axb5 18. Nxb5 Nxe4 19. Bxg7 Kxg7 20. Qc2 h5 21. Nc4
Qd7 22. Bxe4 Rxe4 23. Rxe4 Bxe4 24. Qxe4 Qxb5 25. Nxd6 Qb4 26. Qe5+ Kg8 27. Nf5
1-0

[Event "HZ Chess Tournament 2022"]
[Site "Vlissingen, Netherlands"]
[Date "2022.08.07"]
[Round "3.12"]
[White "Jeanne, Mickael"]
[Black "Van Delft, Merijn"]
[Result "1/2-1/2"]
[WhiteElo "2145"]
[BlackElo "2380"]
[PlyCount "158"]

1. c4 Nf6 2. Nc3 g6 3. e4 d6 4. d4 Bg7 5. Nf3 O-O 6. Be2 e5 7. O-O Bg4 8. d5 a5
9. Be3 Na6 10. Nd2 Bd7 11. b3 h5 12. h3 Nh7 13. Rc1 Bf6 14. Nf3 Kh8 15. Qd2 Rg8
16. Nh2 Bg5 17. Kh1 f6 18. Bxg5 fxg5 19. Qe3 Qf6 20. f3 Qf4 21. Qxf4 gxf4 22.
Kg1 g5 23. Kf2 Nf6 24. Rh1 Kg7 25. Nb5 g4 26. hxg4 hxg4 27. Nf1 g3+ 28. Kg1 Kf7
29. Nd2 Ke7 30. Rh6 Rh8 31. Rxh8 Rxh8 32. Nb1 c6 33. N5c3 Nc5 34. Rd1 Ra8 35.
Na3 Ne8 36. Nc2 Nc7 37. Ne1 cxd5 38. Nxd5+ Nxd5 39. cxd5 b5 40. Nd3 Nxd3 41.
Bxd3 Rc8 42. Kf1 b4 43. Ke2 Rh8 44. Rg1 Kd8 45. Kd2 Kc7 46. Be2 Kb6 47. Bd3 Rh2
48. Be2 Kb7 49. Kc2 Ka7 50. Kd2 Kb6 51. Kd1 a4 52. Kd2 Ka5 53. Bd3 Bh3 54. Bf1
Bg4 55. Be2 Bh5 56. Kd3 Be8 57. Kd2 Bd7 58. Bd3 Kb6 59. Be2 Rh8 60. Bd3 axb3
61. axb3 Ra8 62. Rc1 Ra3 63. Bc4 Ra2+ 64. Rc2 Ra3 65. Kc1 Ra1+ 66. Kb2 Rg1 67.
Bd3 Rd1 68. Be2 Re1 69. Bd3 Rd1 70. Be2 Rh1 71. Rc1 Rh2 72. Rg1 Bh3 73. Bf1 Bd7
74. Be2 Kc5 75. Kc2 Rh8 76. Ra1 Rh2 77. Rg1 Kb6 78. Kb2 Rh8 79. Rc1 Rh2 1/2-1/2

[Event "HZ Chess Tournament 2022"]
[Site "Vlissingen, Netherlands"]
[Date "2022.08.07"]
[Round "3.26"]
[White "Tibke, Jonas"]
[Black "Van der Zalm, Marnix"]
[Result "1-0"]
[WhiteElo "1961"]
[BlackElo "2088"]
[PlyCount "109"]

1. e4 d6 2. d4 g6 3. f4 Bg7 4. Nf3 c5 5. dxc5 Qa5+ 6. Nbd2 Qxc5 7. Nb3 Qc7 8.
Bd3 Nc6 9. O-O Nf6 10. Qe1 O-O 11. c3 e5 12. Qh4 d5 13. fxe5 Nxe4 14. Bxe4 dxe4
15. Ng5 h6 16. Nxe4 Qxe5 17. Nf6+ Bxf6 18. Rxf6 Ne7 19. Nd4 Nd5 20. Rf1 h5 21.
Bh6 Bd7 22. Rae1 Qd6 23. Bxf8 Rxf8 24. Qg5 Kg7 25. Re5 Nf6 26. h3 Ng8 27. Rd5
Qc7 28. Re1 Nf6 29. Rc5 Qb6 30. b4 Qd8 31. Rd1 b6 32. Rc6 Qe7 33. Rc7 Qe4 34.
Rxa7 Bc8 35. Qg3 Qd5 36. Re1 Qc4 37. a4 Nd5 38. Ne6+ Bxe6 39. Rxe6 Nf4 40. Re3
Ne2+ 41. Rxe2 Qxe2 42. Qc7 Qe6 43. Qe7 Qf5 44. a5 Qf4 45. Qe1 Qb8 46. axb6
Qxb6+ 47. Qf2 Qc6 48. Qd4+ Kg8 49. c4 Rc8 50. Rd7 Qe6 51. b5 Qe1+ 52. Kh2 h4
53. Rd8+ Rxd8 54. Qxd8+ Kh7 55. Qc7 1-0

[Event "HZ Chess Tournament 2022"]
[Site "Vlissingen, Netherlands"]
[Date "2022.08.07"]
[Round "3.27"]
[White "Brokaar, Joey"]
[Black "Van der Borgt, Peter"]
[Result "0-1"]
[WhiteElo "2068"]
[BlackElo "1959"]
[PlyCount "62"]

1. e4 c5 2. Nf3 Nc6 3. Bb5 e6 4. Bxc6 bxc6 5. d3 d6 6. O-O e5 7. Bg5 Be7 8.
Bxe7 Nxe7 9. h3 Ng6 10. c3 O-O 11. Qa4 Qf6 12. Qd1 Nf4 13. Kh1 Qh6 14. Nh2 f5
15. Nd2 Nxd3 16. exf5 Bxf5 17. Nc4 e4 18. Ne3 d5 19. Qe2 Qe6 20. Nxf5 Qxf5 21.
f3 Rae8 22. fxe4 Qxe4 23. Rxf8+ Rxf8 24. Qxe4 Nf2+ 25. Kg1 Nxe4 26. Nf3 Rb8 27.
Ne5 Rxb2 28. c4 Nc3 29. Nxc6 dxc4 30. a4 Ne2+ 31. Kf1 c3 0-1

[Event "HZ Chess Tournament 2022"]
[Site "Vlissingen, Netherlands"]
[Date "2022.08.07"]
[Round "3.28"]
[White "Bazilius, Augustinas"]
[Black "Van der Pol, Theo"]
[Result "1-0"]
[WhiteElo "2045"]
[BlackElo "1587"]
[PlyCount "75"]

1. d4 d6 2. Nf3 Nf6 3. c4 Nbd7 4. g3 c6 5. Nc3 e5 6. d5 Be7 7. Bg2 O-O 8. O-O
Qc7 9. Bd2 a6 10. Rc1 c5 11. Qc2 Nb6 12. b3 Bg4 13. Ne1 Qd7 14. e4 Bh3 15. Nd3
Bxg2 16. Kxg2 Qg4 17. f4 Nxe4 18. Nxe4 Qe2+ 19. Nef2 e4 20. Rce1 Qf3+ 21. Kg1
Bf6 22. Rxe4 Bd4 23. Ne1 Qh5 24. Bc3 f5 25. Re6 Rae8 26. Bxd4 cxd4 27. Qd1 Qxd1
28. Nxd1 Rxe6 29. dxe6 Re8 30. Nf3 Rxe6 31. Re1 Re4 32. Rxe4 fxe4 33. Nxd4 Kf7
34. Kf2 Nd7 35. Nc3 Nf6 36. h3 g6 37. Ke3 Nh5 38. Nxe4 1-0

[Event "HZ Chess Tournament 2022"]
[Site "Vlissingen, Netherlands"]
[Date "2022.08.07"]
[Round "3.29"]
[White "Haak, Eelco"]
[Black "Boulahfa, Hicham"]
[Result "1-0"]
[WhiteElo "1933"]
[BlackElo "2032"]
[PlyCount "61"]

1. d4 Nf6 2. c4 e6 3. Nf3 b6 4. g3 Bb7 5. Bg2 Be7 6. O-O O-O 7. d5 exd5 8. Nh4
c6 9. cxd5 Nxd5 10. Nf5 Nc7 11. e4 Ne6 12. Nc3 Re8 13. Qg4 d6 14. Nd5 cxd5 15.
exd5 h5 16. Nh6+ Kf8 17. Qf5 Bf6 18. Qh7 Ke7 19. Nf5+ Kd7 20. dxe6+ Kc7 21.
exf7 Rf8 22. Bf4 Be5 23. Bxe5 dxe5 24. Qxg7 Bxg2 25. Qxe5+ Kb7 26. Kxg2 Nc6 27.
Nd6+ Kc7 28. Nb5+ Kb7 29. Qd6 Rxf7 30. Rac1 Qf6 31. Rxc6 1-0

[Event "HZ Chess Tournament 2022"]
[Site "Vlissingen, Netherlands"]
[Date "2022.08.07"]
[Round "3.30"]
[White "Groen, Jari"]
[Black "Manukonda Arun"]
[Result "1/2-1/2"]
[WhiteElo "1800"]
[BlackElo "2031"]
[PlyCount "61"]

1. e4 c5 2. Nf3 Nc6 3. d4 cxd4 4. Nxd4 Nf6 5. Nc3 e5 6. Ndb5 d6 7. Bg5 a6 8.
Na3 b5 9. Nd5 Be7 10. Bxf6 Bxf6 11. c3 Bg5 12. Nc2 O-O 13. a4 bxa4 14. Rxa4 a5
15. Bc4 Kh8 16. Nce3 Bxe3 17. Nxe3 Ne7 18. b3 Bb7 19. Nd5 f5 20. Nxe7 Qxe7 21.
Bd5 fxe4 22. Rxe4 Qc7 23. c4 Qc5 24. O-O Bxd5 25. cxd5 Rfb8 26. Rc4 Qa3 27. Qc2
h6 28. h3 Rxb3 29. Rc8+ Rxc8 30. Qxc8+ Kh7 31. Qf5+ 1/2-1/2

[Event "HZ Chess Tournament 2022"]
[Site "Vlissingen, Netherlands"]
[Date "2022.08.07"]
[Round "3.31"]
[White "Fischer, Gert"]
[Black "Leenhouts, Koen"]
[Result "0-1"]
[WhiteElo "1923"]
[BlackElo "2442"]
[PlyCount "58"]

1. Nf3 Nf6 2. c4 g6 3. b3 Bg7 4. Bb2 b6 5. g3 Bb7 6. Bg2 c5 7. O-O O-O 8. d3
Nc6 9. Nbd2 d6 10. Qc2 e5 11. a3 Qe7 12. e4 Nh5 13. Rae1 Kh8 14. Kh1 Rae8 15.
Ng1 f5 16. Qd1 f4 17. Bf3 Nf6 18. g4 Bc8 19. h3 Rf7 20. Bg2 h5 21. g5 Nh7 22.
h4 Nxg5 23. hxg5 Qxg5 24. Ndf3 Qf6 25. Bh3 g5 26. Bxc8 Rxc8 27. Nh2 g4 28. Nxg4
hxg4 29. Qxg4 Rg8 0-1

[Event "HZ Chess Tournament 2022"]
[Site "Vlissingen, Netherlands"]
[Date "2022.08.07"]
[Round "3.32"]
[White "Nieuwelink, Kees"]
[Black "Morssink, Pieter Jan"]
[Result "1-0"]
[WhiteElo "2200"]
[BlackElo "1920"]
[PlyCount "35"]

1. e4 e6 2. Nf3 d5 3. e5 c5 4. b4 cxb4 5. a3 Nc6 6. axb4 Bxb4 7. c3 Ba5 8. d4
Qc7 9. Bd3 Nge7 10. O-O f6 11. Ba3 fxe5 12. dxe5 Nxe5 13. Nxe5 Qxe5 14. Re1 Qc7
15. Qh5+ g6 16. Qg5 h6 17. Qf6 Rf8 18. Bb5+ 1-0

[Event "HZ Chess Tournament 2022"]
[Site "Vlissingen, Netherlands"]
[Date "2022.08.07"]
[Round "3.33"]
[White "Baarslag, Ed"]
[Black "Westerweele, Henrik"]
[Result "1-0"]
[WhiteElo "2172"]
[BlackElo "1919"]
[PlyCount "53"]

1. d4 e6 2. Nf3 f5 3. Bf4 Nf6 4. e3 Be7 5. c4 O-O 6. Be2 b6 7. O-O Bb7 8. h3
Ne4 9. Nfd2 Nxd2 10. Qxd2 d6 11. Nc3 Nd7 12. Bh2 Qe8 13. b4 Qg6 14. f3 Bg5 15.
Bd3 Qh6 16. Rae1 Rf6 17. d5 Bh4 18. Re2 e5 19. Nb5 e4 20. Bc2 Ba6 21. Nxc7 Bxc4
22. Nxa8 Rg6 23. fxe4 Bxe2 24. Qxe2 Bd8 25. exf5 Rf6 26. Bf4 Qh4 27. Qg4 1-0

[Event "HZ Chess Tournament 2022"]
[Site "Vlissingen, Netherlands"]
[Date "2022.08.07"]
[Round "3.34"]
[White "Wilgenhof, Otto"]
[Black "Klein, Jorik"]
[Result "1-0"]
[WhiteElo "2170"]
[BlackElo "1918"]
[PlyCount "99"]

1. d4 Nf6 2. Bg5 g6 3. Bxf6 exf6 4. e3 Bg7 5. c4 O-O 6. Nc3 f5 7. g3 d6 8. Bg2
Nd7 9. Nge2 Nf6 10. Nf4 Re8 11. h4 h5 12. O-O c6 13. b4 Ne4 14. Rc1 Qe7 15.
Nxe4 fxe4 16. d5 Bg4 17. Qb3 Bh6 18. c5 Bxf4 19. exf4 cxd5 20. Qxd5 dxc5 21.
Qxc5 Qe6 22. Rfe1 Qxa2 23. Bxe4 Rac8 24. Qd4 a5 25. Bd5 Rxc1 26. Rxc1 Qe2 27.
bxa5 Bf3 28. Bc4 Qe7 29. Qd3 Be4 30. Qe3 Qd7 31. Bf1 Bc6 32. Qd3 Qe6 33. Qd4
Qb3 34. Bg2 Bxg2 35. Kxg2 Qb5 36. Rc5 Qb1 37. Rc7 Qf5 38. Qd7 Qe4+ 39. Kh2 Rf8
40. Qb5 Qe1 41. Qc5 Ra8 42. Rxb7 Qxa5 43. Rb5 Qe1 44. f5 Rf8 45. Qc2 Qf1 46.
Rc5 Kh8 47. Rc6 Re8 48. fxg6 Re2 49. Qc3+ Kg8 50. Rc8+ 1-0

[Event "HZ Chess Tournament 2022"]
[Site "Vlissingen, Netherlands"]
[Date "2022.08.07"]
[Round "3.36"]
[White "Van Gemert, Rogier"]
[Black "Kools, Thomas"]
[Result "0-1"]
[WhiteElo "1918"]
[BlackElo "2135"]
[PlyCount "54"]

1. Nf3 d5 2. d4 Nf6 3. Bf4 c5 4. c3 Nc6 5. e3 Qb6 6. Qc1 Bf5 7. Nh4 Bd7 8. Bd3
Nh5 9. Bg3 Nxg3 10. hxg3 e5 11. dxe5 Nxe5 12. Bc2 Bb5 13. Nf3 Nxf3+ 14. gxf3
O-O-O 15. Na3 d4 16. Bf5+ Kb8 17. exd4 cxd4 18. c4 Bc6 19. O-O h5 20. Rb1 h4
21. Bd3 Bd6 22. b4 Qc7 23. f4 hxg3 24. fxg3 Rh1+ 25. Kf2 Rh2+ 26. Ke1 Bxb4+ 27.
Rxb4 Qe7+ 0-1

[Event "HZ Chess Tournament 2022"]
[Site "Vlissingen, Netherlands"]
[Date "2022.08.07"]
[Round "3.38"]
[White "Welten, Hans"]
[Black "Gijsen, William"]
[Result "0-1"]
[WhiteElo "1844"]
[BlackElo "2079"]
[PlyCount "76"]

1. d4 d5 2. c4 c6 3. Nf3 e6 4. Nc3 dxc4 5. a4 Bb4 6. e4 Nf6 7. e5 Nd5 8. Bd2
Bxc3 9. bxc3 b5 10. Be2 Nd7 11. Qc2 h6 12. O-O N7b6 13. a5 Nd7 14. Bc1 Qc7 15.
Nd2 O-O 16. Ba3 c5 17. Ne4 b4 18. Bb2 cxd4 19. cxd4 c3 20. Bc1 Rb8 21. Qb3 Bb7
22. Nd6 Ne7 23. Bd3 Bd5 24. Bc4 Bxc4 25. Nxc4 Nf5 26. Rd1 Rfc8 27. Ne3 Nxe3 28.
Bxe3 Qc4 29. Qa4 Rc7 30. d5 exd5 31. Rd4 Qb5 32. Qd1 c2 33. Qh5 Rc6 34. Rf4 Rf8
35. h3 b3 36. Rf6 Nxf6 37. exf6 Rxf6 38. Bd4 b2 0-1

[Event "HZ Chess Tournament 2022"]
[Site "Vlissingen, Netherlands"]
[Date "2022.08.07"]
[Round "3.39"]
[White "Dougherty, Michael"]
[Black "Boghossian, Wahe"]
[Result "1/2-1/2"]
[WhiteElo "2071"]
[BlackElo "1892"]
[PlyCount "97"]

1. d4 Nf6 2. c4 e6 3. Nf3 b6 4. Bf4 Bb4+ 5. Nfd2 Bb7 6. e3 Ne4 7. a3 Bxd2+ 8.
Nxd2 Nxd2 9. Qxd2 d6 10. f3 f5 11. Bd3 O-O 12. O-O-O Qf6 13. h4 h6 14. h5 Nd7
15. Bg3 e5 16. Bh4 Qf7 17. Qc3 Rae8 18. d5 Nc5 19. Be2 e4 20. f4 Bc8 21. b4 Nd7
22. g4 fxg4 23. Bxg4 Nf6 24. Bxc8 Rxc8 25. Bxf6 Qxf6 26. Qb2 Qxb2+ 27. Kxb2 Rf5
28. Kc3 Re8 29. Kd4 Kh7 30. Rdg1 Re7 31. Rh4 Rf6 32. a4 Rf5 33. a5 bxa5 34. b5
a6 35. Ra1 axb5 36. cxb5 Rf8 37. Rxa5 Rf5 38. Ra6 Rf8 39. b6 cxb6 40. Rxb6 Rf6
41. Rh2 g6 42. hxg6+ Kxg6 43. Rg2+ Kf5 44. Rb8 Ra7 45. Rc8 Ra1 46. Rcc2 Ra3 47.
Rc3 Ra4+ 48. Rc4 Ra3 49. Rc3 1/2-1/2

[Event "HZ Chess Tournament 2022"]
[Site "Vlissingen, Netherlands"]
[Date "2022.08.07"]
[Round "3.40"]
[White "Manshanden, Nick"]
[Black "Van Dijkhuizen, Robbert"]
[Result "0-1"]
[WhiteElo "2065"]
[BlackElo "1869"]
[PlyCount "70"]

1. d4 Nf6 2. c4 e6 3. Nf3 b6 4. g3 Ba6 5. b3 Bb4+ 6. Bd2 Bxd2+ 7. Nbxd2 d5 8.
Bg2 O-O 9. O-O c6 10. Ne5 Nfd7 11. Nd3 Bb7 12. e4 dxe4 13. Nxe4 Qc7 14. c5 e5
15. dxe5 Nxe5 16. Nf4 Na6 17. Rc1 Rad8 18. Qh5 Nxc5 19. Nxc5 bxc5 20. Rxc5 Ng6
21. Nd5 Qd6 22. Ne3 Rfe8 23. Nf5 Qd2 24. Bxc6 Bxc6 25. Rxc6 Qxa2 26. Qf3 Ne5
27. Qc3 Qd2 28. Ra1 Qd7 29. Nxg7 Qxc6 30. Qxc6 Nxc6 31. Nxe8 Rxe8 32. Ra6 Rc8
33. b4 Rc7 34. b5 Nb4 35. Ra4 Nd5 0-1

[Event "HZ Chess Tournament 2022"]
[Site "Vlissingen, Netherlands"]
[Date "2022.08.07"]
[Round "3.41"]
[White "Hari Charan Sai Kalluri"]
[Black "Boeren, Jurriaan"]
[Result "1-0"]
[WhiteElo "2059"]
[BlackElo "1840"]
[PlyCount "66"]

1. d4 d5 2. c4 e6 3. Nc3 Nf6 4. Bg5 Be7 5. Nf3 O-O 6. e3 h6 7. Bh4 b6 8. g4 c5
9. Rg1 Nc6 10. a3 cxd4 11. exd4 Ne4 12. Bxe7 Qxe7 13. Qc2 Nxc3 14. Qxc3 Ba6 15.
c5 Bxf1 16. Kxf1 bxc5 17. dxc5 a5 18. g5 h5 19. Re1 g6 20. Qc2 Rfb8 21. Rg3 Rb5
22. Rc1 Rab8 23. Nh4 Rxb2 24. Nxg6 Qe8 25. Ne7+ Nxe7 26. Qd1 h4 27. Rd3 Qb5 28.
Kg1 Rb1 29. Rdc3 Rxc1 30. Rxc1 Qb3 31. Qd2 Qf3 32. g6 Nxg6 33. Qg5 Qf4 1-0

[Event "HZ Chess Tournament 2022"]
[Site "Vlissingen, Netherlands"]
[Date "2022.08.07"]
[Round "3.42"]
[White "Le Clercq, Maxim"]
[Black "Van de Poel, Taco"]
[Result "1-0"]
[WhiteElo "2049"]
[BlackElo "1818"]
[PlyCount "77"]

1. e4 c5 2. Nc3 Nc6 3. Bb5 Nd4 4. Nf3 a6 5. Bc4 g6 6. Nxd4 cxd4 7. Qf3 e6 8.
Ne2 Bg7 9. d3 Ne7 10. h4 Nc6 11. Bb3 h5 12. Qg3 d5 13. exd5 exd5 14. Bg5 Qa5+
15. Bd2 Qd8 16. Bg5 Qa5+ 17. Bd2 Qd8 18. Nf4 Ne7 19. O-O-O O-O 20. Qg5 Bf5 21.
Bb4 f6 22. Qg3 Bh6 23. Kb1 Bxf4 24. Qxf4 Rf7 25. Bxe7 Rxe7 26. Qxd4 Rd7 27. f3
b5 28. g4 hxg4 29. fxg4 Be6 30. Rhf1 Kf7 31. Rde1 a5 32. g5 f5 33. h5 Ra6 34.
hxg6+ Kxg6 35. Rh1 Rh7 36. Rxh7 Kxh7 37. Rh1+ Kg6 38. Rh6+ Kxg5 39. Qg7+ 1-0

[Event "HZ Chess Tournament 2022"]
[Site "Vlissingen, Netherlands"]
[Date "2022.08.07"]
[Round "3.43"]
[White "Molenaar, Toine"]
[Black "Shakhverdian, William"]
[Result "0-1"]
[WhiteElo "1823"]
[BlackElo "2046"]
[PlyCount "142"]

1. d4 d5 2. c4 e6 3. Nf3 Nf6 4. g3 dxc4 5. Bg2 Nc6 6. O-O Rb8 7. Qc2 b5 8. e3
Bb7 9. Nbd2 Be7 10. b3 Nb4 11. Qb2 Nd3 12. Qc2 Nb4 13. Qb2 cxb3 14. Nxb3 Be4
15. a3 Nd3 16. Qe2 c5 17. Nbd2 Bg6 18. Nh4 Nxc1 19. Rfxc1 Bh5 20. Bc6+ Kf8 21.
Nhf3 Qb6 22. Be4 Nxe4 23. Nxe4 Qb7 24. Ned2 c4 25. h3 Bxf3 26. Nxf3 g6 27. a4
a6 28. axb5 axb5 29. Rab1 Qc7 30. Qa2 Kg7 31. Qa6 Qd6 32. Qa5 Qd5 33. Nd2 Rhc8
34. Qa7 Bd6 35. e4 Qg5 36. Nf3 Qd8 37. e5 Bf8 38. h4 Qd5 39. Ng5 Rb7 40. Qa6
Rcb8 41. Qa2 Qxd4 42. Qe2 Be7 43. Nf3 Qc5 44. h5 Rc7 45. hxg6 hxg6 46. Qd2 c3
47. Qf4 Qc4 48. Nd4 Rd7 49. Nxb5 Qd3 50. Nxc3 Rxb1 51. Nxb1 Rd4 52. Qe3 Qxe3
53. fxe3 Re4 54. Kf2 Rxe5 55. g4 Rxe3 56. Nd2 Rd3 57. Nf3 Rd5 58. Rc7 Bd6 59.
Rb7 Bf4 60. Kg2 g5 61. Ra7 Rb5 62. Nd4 Rb2+ 63. Kf3 Kf6 64. Nc6 Rb3+ 65. Ke4
Re3+ 66. Kd4 Rg3 67. Rb7 Rxg4 68. Ke4 Bd6+ 69. Kf3 Rf4+ 70. Ke3 Kg6 71. Nd8
Bc5+ 0-1

[Event "HZ Chess Tournament 2022"]
[Site "Vlissingen, Netherlands"]
[Date "2022.08.07"]
[Round "3.44"]
[White "Verweij, David"]
[Black "Duson, Robin"]
[Result "1/2-1/2"]
[WhiteElo "1815"]
[BlackElo "2040"]
[PlyCount "115"]

1. Nf3 c5 2. g3 d5 3. Bg2 Nc6 4. O-O e5 5. d3 Be7 6. Na3 Be6 7. c4 d4 8. Qa4
Bd7 9. Qb3 Rb8 10. e3 dxe3 11. fxe3 Nf6 12. Nc2 O-O 13. d4 cxd4 14. exd4 exd4
15. Bf4 Rc8 16. Ne5 Be6 17. Nxc6 bxc6 18. Rad1 Qb6 19. Nxd4 Bc5 20. Qxb6 axb6
21. b4 Bxd4+ 22. Rxd4 c5 23. Rd6 Bxc4 24. Rc1 Bxa2 25. Rxb6 cxb4 26. Rxc8 Rxc8
27. Rxb4 h6 28. Rb8 Rxb8 29. Bxb8 Nd7 30. Bd6 g5 31. Bc6 Nf8 32. Be4 Kg7 33.
Bf5 Be6 34. Bd3 f5 35. Be5+ Kf7 36. Bb5 Ng6 37. Bd6 Bd5 38. Bd7 Kf6 39. Kf2 Ne5
40. Bb5 f4 41. gxf4 gxf4 42. Bxe5+ Kxe5 43. Bf1 Kf5 44. Bh3+ Kg5 45. Bd7 Be4
46. Bc8 Bf5 47. Bb7 Kh4 48. Bg2 Bg4 49. Bf1 f3 50. Ke3 h5 51. Kf2 Bh3 52. Bxh3
Kxh3 53. Kxf3 Kxh2 54. Kf2 h4 55. Kf1 h3 56. Kf2 Kh1 57. Kf1 h2 58. Kf2 1/2-1/2